Rayuela (Registro nro. 58517)

Detalles MARC
000 -LDR (LÍDER)
fixed length control field 00731nam a22002537 4500
008 - FIXED-LENGTH DATA ELEMENTS--GENERAL INFORMATION
fixed length control field 241128r |||a|||gr|||| 00| 0 spa d
020 ## - ISBN
ISBN 9788437604572
040 ## - FUENTE DE CATALOGACIÓN
Agencia catalogadora original CO-BoRNBP
Idioma de la agencia catalogadora spa
Norma para la descripción rda
Agencia que transcribe CO-BoRNBP
084 ## - Clasificación facetada
Número de clasificación N COR2
100 1# - Autor
Nombre Cortázar, Julio
Termino relación Julio Cortázar
9 (RLIN) 15441
245 10 - Título
Título Rayuela
Mención de responsabilidad Julio Cortázar; autor
250 ## - Edición
Edición decimocuarta edición
264 #1 - Pie de imprenta
Ciudad de publicación Madrid, España
Editorial Ediciones Cátedra
Año 2000
300 ## - Descripción física
Extensión 155 páginas
Dimensiones 18 cm.
336 ## - Tipo de Contenido
Tipo de contenido texto
Código de tipo de contenido txt
Fuente rdacontenido
337 ## - Tipo de Medio
Tipo de Medio sin mediación
Código de tipo de medio n
Fuente rdamedio
338 ## - Tipo de soporte
Tipo de soporte volumen
Código de tipo de soporte nc
Fuente rdasoporte
650 17 - Asiento secundario de materia - término temático
Fuente del encabezado o término LEMB
653 ## - Tema
Tema Novela argentina
653 ## - Tema
Tema literatura argentina
942 ## - Información adicional
Tipo de material Libro Literatura
Existencias
Estado de pérdida Fuente del sistema de clasificación o colocación Estado de daño Koha normalized classification for sorting Not for loan Colección Biblioteca Biblioteca actual Localización Fecha de adquisición Koha issues (times borrowed) Signatura topográfica Código de barras Koha date last seen Price effective from Tipo de ítem
  Clasificación Local Facetada   N C O R2   Colección General Biblioteca Pública San Juanito - Ernesto Maria Peña Romero Biblioteca Pública San Juanito - Ernesto Maria Peña Romero Literatura 08/25/2025   N COR2 SJU02160 08/25/2025 08/25/2025 Libro Literatura









Instituto Departamental de Cultura del Meta - Red Departamental de Bibliotecas Públicas del Meta.